| 000 | 00496nam a2200145Ia 4500 | ||
|---|---|---|---|
| 008 | 140724s9999 xx 000 0 und d | ||
| 050 |
_aLB 1025 _b.C385 2012 |
||
| 100 | _aCayas, Maria Angelica R. | ||
| 245 |
_aProblems and coping strategies of the summer camp volunteers / _cMaria Angelica R. Cayas. |
||
| 260 |
_aLas PiƱas, Philippines : _bSouthville International School and Colleges, _cc2012. |
||
| 300 |
_a48 p. : _c28 cm. |
||
| 521 | _aSpecial Education | ||
| 942 | _cTH | ||
| 999 |
_c228771 _d228771 |
||